STRATEGIC MANAGEMENT : (Registro nro. 58623)
[ vista simple ]
| 000 -LEADER | |
|---|---|
| fixed length control field | 01035nam a2200193 a 4500 |
| 001 - CONTROL NUMBER | |
| control field | 58623 |
| 005 - DATE AND TIME OF LATEST TRANSACTION | |
| control field | 20180714055306.0 |
| 008 - FIXED-LENGTH DATA ELEMENTS--GENERAL INFORMATION | |
| fixed length control field | 140415s2012 xxu 000 0 eng d |
| 020 ## - INTERNATIONAL STANDARD BOOK NUMBER | |
| International Standard Book Number | 9780077439569 |
| 041 ## - LANGUAGE CODE | |
| Language code of text/sound track or separate title | eng |
| 082 ## - DEWEY DECIMAL CLASSIFICATION NUMBER | |
| Classification number | 658.4012 |
| Item number | DES |
| 245 00 - TITLE STATEMENT | |
| Title | STRATEGIC MANAGEMENT : |
| Remainder of title | CREATING COMPETITIVE ADVANTAGES |
| 250 ## - EDITION STATEMENT | |
| Edition statement | 6a ed. |
| 260 ## - PUBLICATION, DISTRIBUTION, ETC. | |
| Place of publication, distribution, etc. | ESTADOS UNIDOS DE AMERICA : |
| Name of publisher, distributor, etc. | MCGRAW-HILL COMPANIES, INC., |
| Date of publication, distribution, etc. | 2012 |
| 300 ## - PHYSICAL DESCRIPTION | |
| Extent | 529 |
| Dimensions | 20.3 x 1.7 x 25.3 |
| 520 ## - SUMMARY, ETC. | |
| Summary, etc. | WE´RE VERY PEASED WITH THE POSITIVE MARKET REPONSE TO OUR PREVIOUS EDITIONS. WE ARE ALWAYS STRIVING TO IMPROVE OUR WORK, AND WE APPRECIATE THE EXTENSIVE AND CONSTRUCTIVE FEDDBACK THAT MANY STRATEGY PROFESSIONALS HAVE GRACIOUSLY GIVEN. US. WE HAVE WORDED HARD TO INCORPORATE MANY OF THEIR IDEAS INTO THE SIXTH EDITION AS WE HAVE IN PREVIOUS EDITIONS AS WEEL. WE ACKNOWLEDGE THESE MANY CONTIBUTIONS LATER IN THE PREFACE |
| 650 14 - SUBJECT ADDED ENTRY--TOPICAL TERM | |
| Topical term or geographic name entry element | PLANEACION ESTRATEGICA |
| 700 1# - ADDED ENTRY--PERSONAL NAME | |
| Personal name | DESS, GREGORY G. -LUMPKIN, G. T. -EISNER, ALAN B. -McNAMARA, GERRY |
| Relator term | coaut. |
| Withdrawn status | Lost status | Source of classification or shelving scheme | Damaged status | Not for loan | Collection code | Home library | Current library | Shelving location | Date acquired | Source of acquisition | Inventory number | Total Checkouts | Full call number | Barcode | Date last seen | Price effective from | Koha item type | Date last checked out |
|---|---|---|---|---|---|---|---|---|---|---|---|---|---|---|---|---|---|---|
| Dewey Decimal Classification | General | Biblioteca Karol Wojtyla | Biblioteca Karol Wojtyla | Sala general | 03/12/2013 | Compra | 151000000000000000014584 | 658.4012 DES 2012 | 88234 | 05/01/2026 | 12/01/2015 | Reserva permanente | ||||||
| Dewey Decimal Classification | General | Biblioteca Karol Wojtyla | Biblioteca Karol Wojtyla | Sala general | 03/12/2013 | Compra | 151000000000000000014585 | 658.4012 DES 2012 | 89009 | 05/01/2026 | 15/01/2016 | Reserva permanente | 11/01/2016 |